<?xml version="1.0" encoding="UTF-8"?>
<record
    xmlns:xsi="http://www.w3.org/2001/XMLSchema-instance"
    xsi:schemaLocation="http://www.loc.gov/MARC21/slim http://www.loc.gov/standards/marcxml/schema/MARC21slim.xsd"
    xmlns="http://www.loc.gov/MARC21/slim">

  <leader>01426    a2200217   4500</leader>
  <controlfield tag="001">25545</controlfield>
  <controlfield tag="005">20260407155539.0</controlfield>
  <controlfield tag="008">260407a2003    arg                 spa d</controlfield>
  <controlfield tag="003">AR-UNSa-BCEJYS</controlfield>
  <datafield tag="040" ind1=" " ind2=" ">
    <subfield code="a">AR-UNSa-BCEJYS</subfield>
    <subfield code="b">spa</subfield>
    <subfield code="c">AR-UNSa-BCEJYS</subfield>
  </datafield>
  <datafield tag="080" ind1=" " ind2=" ">
    <subfield code="a">657.31</subfield>
    <subfield code="x">Presupuestos. Previsiones. Planes financieros. Estado de flujo de efectivo</subfield>
  </datafield>
  <datafield tag="245" ind1="1" ind2="0">
    <subfield code="a">Estado de flujo de efectivo de origen y aplicaci&#xF3;n de fondos y de variaci&#xF3;n del capital corriente</subfield>
    <subfield code="p">fundamentos conceptuales, metodol&#xF3;gicos y de aplicaci&#xF3;n.</subfield>
  </datafield>
  <datafield tag="250" ind1=" " ind2=" ">
    <subfield code="a">2a. ed</subfield>
  </datafield>
  <datafield tag="264" ind1=" " ind2="1">
    <subfield code="a">Buenos Aires :</subfield>
    <subfield code="b">Formaci&#xF3;n y Capacitaci&#xF3;n en Ciencias Econ&#xF3;micas (FOCACE)</subfield>
    <subfield code="c">2003</subfield>
  </datafield>
  <datafield tag="300" ind1=" " ind2=" ">
    <subfield code="a">373 p.</subfield>
    <subfield code="c">22 cm.</subfield>
  </datafield>
  <datafield tag="505" ind1=" " ind2=" ">
    <subfield code="a">1. Aspectos introductorios - 2. Metodolog&#xED;a general - 3. Or&#xED;genes de fondos - 4. Aplicaciones de fondos - 5. Gastos e ingresos que no significan aplicaciones - 6. Caso pr&#xE1;ctico. Resumen - 7. Flujo de caja por operaciones - 8. Flujo de caja por inversiones y financiaciones - 9. Caso pr&#xE1;ctico resumen - 10. Estado de origen y aplicaci&#xF3;n en moneda homog&#xE9;nea (consideraci&#xF3;n del R.E.I.)- 11. Estado de flujo de caja en moneda homog&#xE9;nea - 12. Consideraci&#xF3;n conceptual de las alternativas de exposici&#xF3;n </subfield>
  </datafield>
  <datafield tag="942" ind1=" " ind2=" ">
    <subfield code="c">BK</subfield>
  </datafield>
  <datafield tag="590" ind1=" " ind2=" ">
    <subfield code="a">niveau_biblio:m niveau_hierar:0</subfield>
  </datafield>
  <datafield tag="100" ind1="1" ind2=" ">
    <subfield code="a">Senderovich, Pablo David</subfield>
  </datafield>
  <datafield tag="856" ind1="4" ind2="1">
    <subfield code="u">https://biblioeco.unsa.edu.ar/pmb/images/libros/Estado de Flujo de Efectivo2-l86633.jpg</subfield>
    <subfield code="y">Imagen de portada</subfield>
    <subfield code="q">image/jpeg</subfield>
  </datafield>
  <datafield tag="999" ind1=" " ind2=" ">
    <subfield code="c">1397</subfield>
    <subfield code="d">1397</subfield>
  </datafield>
  <datafield tag="952" ind1=" " ind2=" ">
    <subfield code="0">0</subfield>
    <subfield code="1">0</subfield>
    <subfield code="4">0</subfield>
    <subfield code="7">0</subfield>
    <subfield code="a">BCEJYS</subfield>
    <subfield code="b">BCEJYS</subfield>
    <subfield code="c">16</subfield>
    <subfield code="d">2026-04-07</subfield>
    <subfield code="l">0</subfield>
    <subfield code="o">657.31 S474s 2ed.</subfield>
    <subfield code="p">L86633</subfield>
    <subfield code="r">2026-04-07 15:55:39</subfield>
    <subfield code="w">2026-04-07</subfield>
    <subfield code="y">L</subfield>
  </datafield>
</record>
